000 00537nam a22001817a 4500
005 20251108165443.0
008 250721s1981 xx 000 0 ara d
082 1 4 _a955.02/عبد
100 1 _aفهمي، عبد السلام عبد العزيز
245 1 0 _aتاريخ الدولة المغولية في إيران /
264 1 _aالقاهره :
_bدار المعارف،
_c1981.
300 _a277ص
650 1 7 _aإيران
650 1 7 _aتاريخ إيران
650 1 7 _aالمغول
942 _2ddc
_cBK
999 _c28293
_d28293